000 00666nam a22001217a 4500
008 110615t xxu||||| |||| 00| 0 eng d
010 _aCACAF41
245 _aThe Court of Appeal Criminal Appeal No. 25 of 1997 Christopher Byagonza Vs Uganda .
260 _c1997
500 _aCoram: Hon. Mr. Justice C.M. Kato, J.A. Hon. Lady Justice A.E. Mpagi-Bahigeine, J.A. & Hon. Mr. Justice J.P. Berko, J.A.
500 _aAppeal against conviction and sentence of the High Court decision held at Kampala (Lady Justice M. Kireju) dated 28th January, 1994
999 _c2985
_d2985